| 000 | 00444nam a2200169Ia 4500 | ||
|---|---|---|---|
| 008 | 230525s9999 xx 000 0 und d | ||
| 020 | _a978-93-80578-70-5 | ||
| 082 |
_a621.8 _bGUP |
||
| 100 |
_aB.V.R. Gupta _942924 |
||
| 245 | 0 | _aTheory of Machines Kinematics and Dynamics | |
| 250 | _a1 | ||
| 260 |
_aNew Delhi _bI.K.International _c2013 |
||
| 300 | _aXXXVII,519p; | ||
| 500 | _aQuantity Number: 1 | ||
| 650 | _aMechanics | ||
| 942 | _cBK | ||
| 999 |
_c61049 _d61049 |
||